| 000 | 00822nam a22002057a 4500 | ||
|---|---|---|---|
| 005 | 20210325175800.0 | ||
| 008 | s2534 th tha d | ||
| 041 | _atha | ||
| 050 | _aJK421 ช216ก 2534 | ||
| 100 | 0 | _aชโรเดอร์, ริชาร์ด ซี. | |
| 245 | 1 | 0 | _aการปกครองของสหรัฐอเมริกา |
| 260 | 3 |
_aม.ป.ท. : _bสำนักข่าวสารอเมริกัน, _c2534 |
|
| 300 |
_a129 หน้า : _b ภาพประกอบ ; _c 20 ซม. |
||
| 650 | 0 | 4 | _aสหรัฐอเมริกา -- การเมืองและการปกครอง |
| 700 | 0 | _aชโรเดอร์, ริชาร์ด ซี. | |
| 850 | _aNALT | ||
| 942 | _cGB | ||
| 997 | _c000000000007678 | ||
| 998 | _aBENJALUCK | ||
| 999 |
_c7678 _d7678 |
||